Ročenka Slovenskej komory architektov 2016/2017 = The yearbook of the Slovak chambeer of architects 2016/2017 /

Salvato in:
Dettagli Bibliografici
Altri autori: Pleidel, Imrich (Redattore), Miháliková, Oľga (Redattore), Bieliková, Daniela (Redattore), Marošová, Michaela (Redattore)
Natura: Libro
Lingua:slovacco
inglese
Pubblicazione: Selce : Štefan Moravčík, 2016
Edizione:1. vyd.
Tags: Aggiungi Tag
Nessun Tag, puoi essere il primo ad aggiungerne!!

MARC

LEADER 00000nam a22000003a 4500
001 0013262
003 SK-STU
005 20160526120307.7
007 ta
008 160310s ----xo-----e------100-0-----d
020 |a 978-80-971205-3-5 
040 |a STU  |b slo 
041 0 |a slo  |a eng 
044 |a xo 
245 1 0 |a Ročenka Slovenskej komory architektov 2016/2017 = The yearbook of the Slovak chambeer of architects 2016/2017 /  |c ed. Imrich Pleidel, Oľga Miháliková, Daniela Bieliková, Michaela Marošová 
250 |a 1. vyd. 
260 |a Selce :  |b Štefan Moravčík,  |c 2016 
300 |a 176 s. 
700 1 |a Pleidel, Imrich  |4 edt 
700 1 |a Miháliková, Oľga  |4 edt 
700 1 |a Bieliková, Daniela  |4 edt 
700 1 |a Marošová, Michaela  |4 edt 
996 |b 284AU06628  |c A* 9678/U  |l AAKNST  |s P  |a 0  |w 0013262_0001 
996 |b 284AU10456  |c A* 13625/U  |l AAKNAR  |s A  |a 24  |w 0013262_0002